[Event "Tournoi Skype 022B"]
[Site "Skype"]
[Date "????.??.??"]
[Round "3.28"]
[White "Mimouni, Driss"]
[Black "Bucherie, Volcy"]
[Result "1/2-1/2"]
[WhiteElo "1068"]
[BlackElo "1255"]
[PlyCount "86"]

1. c4 c5 2. e4 Nc6 3. Nf3 b5 4. d4 a6 5. d5 Nb4 6. Bg5 Qa5 7. Nbd2 h6 8. Bh4 d6
9. a3 Qa4 10. Qxa4 bxa4 11. e5 Nc2+ 12. Ke2 Nxa1 13. exd6 exd6 14. Ne4 Rb8 15.
Nxd6+ Bxd6 16. Bg3 Rxb2+ 17. Nd2 Bxg3 18. hxg3 Nb3 19. Rh5 Nxd2 20. Re5+ Kd8
21. d6 Bg4+ 22. f3 Nxf3+ 23. Ke3 Nxe5 24. Kf4 f6 25. Ke4 Kd7 26. Kd5 Rd2+ 27.
Kxc5 Rd5+ 28. cxd5 Nf7 29. Bxa6 Nxd6 30. Bb5+ Nxb5 31. Kxb5 Ne7 32. Kxa4 Nxd5
33. Kb5 Kd6 34. a4 Rb8+ 35. Kc4 Rb4+ 36. Kd3 Rxa4 37. Kd2 Ra3 38. Ke1 Rxg3 39.
Kf2 Rb3 40. g3 Rb2+ 41. Kg1 Ne3 42. Kh1 Nf1 43. Kg1 Nxg3 1/2-1/2

[Event "Tournoi Skype 022B"]
[Site "Skype"]
[Date "????.??.??"]
[Round "3.29"]
[White "Lawton, Tony"]
[Black "Bustos, Ricardo"]
[Result "0-1"]
[WhiteElo "1000"]
[BlackElo "1250"]
[PlyCount "56"]

1. e4 c5 2. Nf3 Nc6 3. Bc4 e6 4. O-O Nf6 5. e5 Ng4 6. Re1 d5 7. exd6 Bxd6 8. c3
O-O 9. h3 Nf6 10. d4 cxd4 11. cxd4 Bc7 12. Bg5 a6 13. a3 b5 14. Bd3 Bb7 15. Nc3
Nxd4 16. Nxd4 Qd6 17. Nf3 Bxf3 18. Qxf3 Qh2+ 19. Kf1 Qh1+ 20. Ke2 Qh2 21. Bxf6
gxf6 22. Qf5 exf5 23. Rh1 Qe5+ 24. Kd2 Rfe8 25. Rhe1 Qf4+ 26. Kc2 Qxf2+ 27. Re2
Rxe2+ 28. Nxe2 Re8 0-1

[Event "Tournoi Skype 022B"]
[Site "Skype"]
[Date "????.??.??"]
[Round "3.30"]
[White "Le Bouill, Pierre"]
[Black "Scata, Laura"]
[Result "1-0"]
[WhiteElo "1227"]
[BlackElo "1152"]
[PlyCount "106"]

1. d4 c6 2. e3 d5 3. Bd3 Nf6 4. c3 Bg4 5. f3 Bh5 6. Ne2 e6 7. Ng3 Bg6 8. Qe2
Nbd7 9. Nd2 Bxd3 10. Qxd3 Qc7 11. e4 dxe4 12. Ndxe4 c5 13. Be3 Nd5 14. dxc5
Nxe3 15. Qxe3 Bxc5 16. Nxc5 Nxc5 17. Ne4 O-O 18. Nxc5 Qb6 19. Ke2 Qxb2+ 20. Qd2
Qb5+ 21. Nd3 Rfd8 22. Rhd1 Rd7 23. Rac1 Rad8 24. c4 Qh5 25. Qe3 Qxh2 26. Nf4 g5
27. Rxd7 Rxd7 28. Nd3 Qxg2+ 29. Nf2 Qh2 30. Qxg5+ Kf8 31. Qe3 Qd6 32. Rd1 Qc6
33. Rxd7 Qxd7 34. Qxa7 Qc7 35. Qa3+ Kg8 36. Qd3 Qe5+ 37. Kf1 Qa1+ 38. Ke2 Qxa2+
39. Kf1 Qa1+ 40. Kg2 Qg7+ 41. Kf1 Qa1+ 42. Nd1 Kg7 43. Ke1 Qa5+ 44. Nc3 Qe5+
45. Kf2 Qh2+ 46. Ke3 Qg1+ 47. Ke4 h5 48. Qd4+ Kg6 49. Qxg1+ Kf6 50. f4 Ke7 51.
Qg5+ f6 52. Qxh5 f5+ 53. Ke5 Kd7 1-0

[Event "Tournoi Skype 022B"]
[Site "Skype"]
[Date "????.??.??"]
[Round "3.31"]
[White "Gieschen, Mike"]
[Black "Tekes, Gamze"]
[Result "0-1"]
[WhiteElo "1234"]
[BlackElo "1016"]
[PlyCount "70"]

1. d4 Nc6 2. c4 Nf6 3. Bg5 Ne4 4. Bf4 g6 5. Nf3 Bg7 6. e3 O-O 7. Bd3 h6 8. Bxe4
Na5 9. Nbd2 d6 10. Qc2 Re8 11. Bg3 e6 12. O-O-O Bd7 13. h3 b5 14. Bxa8 Qxa8 15.
Bh2 Qb7 16. b4 Nc6 17. a3 bxc4 18. Nxc4 Rb8 19. Kd2 e5 20. d5 Ne7 21. e4 f5 22.
Na5 Qb5 23. Qc4 Qa4 24. Rhe1 Qxa3 25. Re3 Qb2+ 26. Qc2 Qxb4+ 27. Qc3 Qb6 28.
Nc4 Qa6 29. Ra1 Ba4 30. Ree1 fxe4 31. Rxe4 Nxd5 32. Qa5 Qb7 33. Qxa4 h5 34. Na5
Qb2+ 35. Qc2 Qxa1 0-1

[Event "Tournoi Skype 022B"]
[Site "Skype"]
[Date "????.??.??"]
[Round "3.32"]
[White "Dhenain, Sebastien"]
[Black "Baker, Abi"]
[Result "1-0"]
[WhiteElo "1201"]
[BlackElo "1133"]
[PlyCount "53"]

1. e4 e6 2. d4 d5 3. exd5 exd5 4. Nf3 c5 5. Bb5+ Nd7 6. O-O Ne7 7. Nc3 g6 8.
Re1 f5 9. Nxd5 Kf7 10. Nxe7 Bxe7 11. Ne5+ Nxe5 12. Rxe5 a6 13. Bc4+ Kf6 14. h4
cxd4 15. Re1 b5 16. Bg5+ Kg7 17. Bxe7 Qc7 18. Bd5 Ra7 19. Bg5 h6 20. Re7+ Kf8
21. Rxc7 Rxc7 22. Bf6 Rd7 23. Bxh8 Rxd5 24. Qe1 Rc5 25. Bf6 Rxc2 26. Qe7+ Kg8
27. Qg7# 1-0

[Event "Tournoi Skype 022B"]
[Site "Skype"]
[Date "????.??.??"]
[Round "3.33"]
[White "Castellano Ayala, Pedro Jose"]
[Black "Chothe, Siddhant"]
[Result "0-1"]
[WhiteElo "1000"]
[BlackElo "1193"]
[PlyCount "84"]

1. d4 Nf6 2. e3 d5 3. Bd3 g6 4. Nd2 Bg7 5. c3 O-O 6. f4 e6 7. Ngf3 Nc6 8. Ne5
Nxe5 9. fxe5 Ne4 10. Nf3 f5 11. O-O c5 12. Qe1 c4 13. Bxe4 dxe4 14. Nh4 g5 15.
g3 gxh4 16. gxh4 Kh8 17. Qg3 Rg8 18. Kh1 Bf6 19. Qf4 Rg4 20. Qf2 Bxh4 21. Qe2
b5 22. Bd2 Bd7 23. Rg1 Rxg1+ 24. Rxg1 Qe7 25. Qg2 Rf8 26. Be1 Bxe1 27. Rxe1 Rg8
28. Qh3 Be8 29. Rf1 Qg5 30. Qg3 Qxg3 31. hxg3 Rxg3 32. Re1 Kg7 33. Kh2 Rg4 34.
Re2 Bh5 35. Rg2 Kg6 36. Rxg4+ fxg4 37. Kg3 Kf5 38. b3 Be8 39. b4 h5 40. Kh4 Bd7
41. a3 Bc8 42. Kg3 Kg5 0-1

[Event "Tournoi Skype 022B"]
[Site "Skype"]
[Date "????.??.??"]
[Round "3.34"]
[White "Yilmazer, Seher"]
[Black "Barrionuevo, Hilario"]
[Result "1-0"]
[WhiteElo "1174"]
[BlackElo "1000"]
[PlyCount "43"]

1. e4 e5 2. d4 d6 3. Nf3 Nc6 4. Bc4 Nf6 5. Nc3 Be7 6. d5 Bg4 7. dxc6 bxc6 8.
O-O h5 9. Qd3 Bxf3 10. Qxf3 d5 11. exd5 cxd5 12. Bb3 d4 13. Ne4 Qd7 14. Ng5 Bd6
15. Bxf7+ Ke7 16. Be6 e4 17. Qf5 Qc6 18. Nf7 Ng4 19. Bg5+ Ke8 20. Nxh8 Bxh2+
21. Kh1 Qd6 22. Qf7# 1-0

[Event "Tournoi Skype 022B"]
[Site "Skype"]
[Date "????.??.??"]
[Round "3.35"]
[White "Marty, Yvette"]
[Black "Bacha, Mehdi"]
[Result "0-1"]
[WhiteElo "1000"]
[BlackElo "1173"]
[PlyCount "68"]

1. e4 d5 2. Nc3 e6 3. f4 Qh4+ 4. g3 Qd8 5. Nf3 d4 6. Na4 b6 7. Bh3 Nf6 8. d3
Bb4+ 9. c3 dxc3 10. Nxc3 Bxc3+ 11. bxc3 O-O 12. e5 Nfd7 13. O-O Nc5 14. d4 Ne4
15. Bb2 Bb7 16. Ng5 Nxg5 17. fxg5 Qxg5 18. Bc1 Qd8 19. Qd3 Qd5 20. Bh6 Qh1+ 21.
Kf2 Qxh2+ 22. Bg2 Qxg2+ 23. Ke1 Na6 24. Be3 Qxg3+ 25. Kd2 Rfd8 26. Rg1 Qh2+ 27.
Kc1 Nc5 28. Rxg7+ Kxg7 29. Qd2 Qxd2+ 30. Bxd2 Nd3+ 31. Kc2 Be4 32. Rg1+ Kf8 33.
Bh6+ Ke7 34. Rg7 Nf4+ 0-1

[Event "Tournoi Skype 022B"]
[Site "Skype"]
[Date "????.??.??"]
[Round "4.1"]
[White "Ricieri, Vanilda"]
[Black "Couto, Januario"]
[Result "1/2-1/2"]
[WhiteElo "1327"]
[BlackElo "1500"]
[PlyCount "57"]

1. e4 d5 2. exd5 Qxd5 3. Nc3 Qd6 4. d4 Nf6 5. Nf3 c6 6. Be2 Bg4 7. O-O g6 8. h3
Bxf3 9. Bxf3 Bg7 10. Ne2 Nbd7 11. Bf4 Qb4 12. Rb1 O-O 13. c3 Qa5 14. Qb3 Qb6
15. Qc2 e6 16. Rfe1 Nd5 17. Bg3 Rfe8 18. Nf4 Nxf4 19. Bxf4 Nf6 20. Qd2 Nd5 21.
Bg5 f6 22. Bh6 Rad8 23. Bxg7 Kxg7 24. Bxd5 exd5 25. Qf4 Rxe1+ 26. Rxe1 Rf8 27.
Re7+ Rf7 28. Rxf7+ Kxf7 29. Qd2 1/2-1/2

[Event "Tournoi Skype 022B"]
[Site "Skype"]
[Date "????.??.??"]
[Round "4.2"]
[White "Rangasamy, Jayaprakash"]
[Black "Malbec, Robert"]
[Result "1-0"]
[WhiteElo "1199"]
[BlackElo "1467"]
[PlyCount "99"]

1. e4 c6 2. d4 d5 3. e5 e6 4. Nf3 Ne7 5. Bd3 b6 6. Ng5 g6 7. Qf3 Nf5 8. g4 h6
9. gxf5 hxg5 10. fxg6 Qe7 11. Qxf7+ Qxf7 12. gxf7+ Kxf7 13. Bxg5 Ba6 14. Bxa6
Nxa6 15. c3 Rh5 16. Nd2 Rxg5 17. h4 Rg6 18. h5 Rh6 19. f4 Be7 20. O-O-O Rah8
21. Rdf1 Rxh5 22. Rxh5 Rxh5 23. Kd1 Rh1 24. Rxh1 Ke8 25. Rh7 Kd7 26. Nf3 c5 27.
dxc5 Nxc5 28. Ke2 Kd8 29. Ng5 Kd7 30. b4 Nb7 31. Kf3 a5 32. bxa5 Nxa5 33. Kg4
Nc4 34. Kh5 Ne3 35. Kg6 Nd1 36. Kf7 Nxc3 37. Nxe6 Bc5 38. Nxc5+ bxc5 39. e6+
Kd6 40. e7 d4 41. Rh6+ Kd5 42. e8=Q Kc4 43. Qe6+ Kd3 44. Rh3+ Kd2 45. Rh2+ Kd3
46. Qh3+ Kc4 47. Rc2 d3 48. Qe6+ Kd4 49. Qf6+ Kc4 50. Qxc3+ 1-0

[Event "Tournoi Skype 022B"]
[Site "Skype"]
[Date "????.??.??"]
[Round "4.3"]
[White "Junqueira, Leonardo De Faria"]
[Black "Navghane, Rahul"]
[Result "1/2-1/2"]
[WhiteElo "1400"]
[BlackElo "1396"]
[PlyCount "131"]

1. e4 e5 2. d4 Nf6 3. Bg5 Be7 4. Nf3 h6 5. Bxf6 Bxf6 6. dxe5 Be7 7. Bc4 d6 8.
O-O O-O 9. h3 Nc6 10. exd6 Bxd6 11. Nbd2 Be6 12. c3 Qf6 13. Re1 Bxc4 14. Nxc4
Bc5 15. Qd5 Be7 16. e5 Qg6 17. e6 Rad8 18. exf7+ Rxf7 19. Qe4 Qxe4 20. Rxe4
Rdf8 21. Nce5 Nxe5 22. Nxe5 Bd6 23. Nxf7 Rxf7 24. Rae1 Bc5 25. R4e2 g5 26. Kf1
h5 27. f3 Kg7 28. Re5 Bd6 29. Rxg5+ Kh6 30. Rg8 Kh7 31. Ree8 Be7 32. Rh8+ Kg6
33. Reg8+ Kf6 34. Rxh5 c6 35. g4 Ke6 36. Kg2 a6 37. Rhh8 Kd6 38. Rg6+ Kd7 39.
Rhh6 Bd8 40. Rd6+ Kc7 41. Rd1 Bf6 42. h4 a5 43. h5 a4 44. Rg6 a3 45. bxa3 Bxc3
46. h6 Re7 47. Rd3 Bh8 48. Rg8 Ba1 49. Rgd8 c5 50. R8d5 b6 51. g5 Re2+ 52. Kf1
Rxa2 53. Rd7+ Kc6 54. h7 c4 55. R7d6+ Kc7 56. Rd7+ Kc6 57. R3d6+ Kc5 58. Rd2
Rxa3 59. Rc2 Rxf3+ 60. Kg2 Rf5 61. Rc7+ Kd6 62. R7xc4 Rxg5+ 63. Kf3 Rf5+ 64.
Kg4 Rc5 65. Rxc5 bxc5 66. Rxc5 1/2-1/2

[Event "Tournoi Skype 022B"]
[Site "Skype"]
[Date "????.??.??"]
[Round "4.4"]
[White "Cayo, Ana Carolina"]
[Black "Ramirez Reina, Orlando"]
[Result "0-1"]
[WhiteElo "1496"]
[BlackElo "1301"]
[PlyCount "74"]

1. d4 d5 2. Nf3 Nf6 3. Bg5 Ne4 4. Bf4 h6 5. e3 e6 6. Nbd2 Nxd2 7. Qxd2 c5 8. c3
Nc6 9. Bd3 Bd6 10. O-O O-O 11. e4 Bxf4 12. Qxf4 cxd4 13. Rac1 dxc3 14. Rxc3 d4
15. Rc5 Qe7 16. Rh5 e5 17. Qg3 Kh7 18. Nd2 f6 19. f4 Be6 20. f5 Bf7 21. Rh3 Nb4
22. Bb1 Bxa2 23. Qg6+ Kh8 24. Rff3 Qf7 25. Rhg3 Qxg6 26. fxg6 Bxb1 27. Nxb1
Rfc8 28. Rf1 Rc2 29. b3 Rac8 30. Rgf3 Rc1 31. Nd2 Rxf1+ 32. Rxf1 Rc2 33. Nb1
Nd3 34. Rd1 Rc1 35. Rxc1 Nxc1 36. h4 Nxb3 37. Kf1 Nc5 0-1

[Event "Tournoi Skype 022B"]
[Site "Skype"]
[Date "????.??.??"]
[Round "4.5"]
[White "Legueltel, Daniel"]
[Black "Mhabdi, Mahesh"]
[Result "1-0"]
[WhiteElo "1684"]
[BlackElo "1196"]
[PlyCount "51"]

1. d4 d5 2. c4 e6 3. Nf3 dxc4 4. e3 b5 5. a4 Ba6 6. axb5 Bxb5 7. Bd2 Nf6 8. Qc2
Qd5 9. Nc3 Qf5 10. Qxf5 exf5 11. Nxb5 Kd8 12. Bxc4 Nc6 13. Bxf7 Rb8 14. Bc4 Rb6
15. b3 Ne4 16. Nxa7 Nb4 17. Bxb4 Bxb4+ 18. Ke2 Kd7 19. Nb5 Re8 20. Ra7 Nc3+ 21.
Nxc3 Bxc3 22. Ne5+ Kd6 23. Kd3 Bb4 24. Rha1 Ke7 25. Rxc7+ Kf6 26. Rf7+ 1-0

[Event "Tournoi Skype 022B"]
[Site "Skype"]
[Date "????.??.??"]
[Round "4.6"]
[White "Yanez, Leticia Jorgelina"]
[Black "Leyton Calderon, Jairo Osvaldo"]
[Result "0-1"]
[WhiteElo "1348"]
[BlackElo "1593"]
[PlyCount "124"]

1. d4 Nf6 2. Nf3 g6 3. e3 Bg7 4. Bd3 O-O 5. b3 d5 6. Bb2 Bg4 7. Nbd2 Nbd7 8. h3
Bxf3 9. Nxf3 e6 10. c4 c6 11. Rc1 Rc8 12. c5 Ne8 13. O-O Nc7 14. e4 dxe4 15.
Bxe4 Nf6 16. Bd3 Ncd5 17. Re1 Bh6 18. Rc4 Qc7 19. Bc1 Bg7 20. Bg5 h6 21. Bc1
Rfe8 22. Ne5 Rcd8 23. Qf3 Ne7 24. g4 Rxd4 25. Rxd4 Qa5 26. Re2 Qxc5 27. Rc4 Qd6
28. g5 hxg5 29. Bxg5 Nf5 30. Bxf5 exf5 31. Qf4 Qd1+ 32. Kg2 Qxe2 33. Nf3 Nh5
34. Qd2 Qe6 35. Bh6 Bh8 36. Be3 a6 37. Bd4 Rd8 38. Qc3 Bxd4 39. Rxd4 Rd5 40.
Qe3 Rxd4 41. Qxd4 Qd5 42. Qa7 Nf4+ 43. Kg3 Ne2+ 44. Kg2 Nc1 45. Qb8+ Kg7 46.
Qxb7 Nxa2 47. Qxa6 Nb4 48. Qa4 c5 49. Qa1+ Kg8 50. Qa5 Nc6 51. Qb5 Nd4 52. Qb8+
Kh7 53. Kg3 Qxf3+ 54. Kh4 Qxf2+ 55. Kg5 Qe3+ 56. Kf6 Qe6+ 57. Kg5 Nxb3 58. Qf4
f6+ 59. Kh4 g5+ 60. Qxg5 fxg5+ 61. Kxg5 f4 62. Kxf4 Qd5 0-1

[Event "Tournoi Skype 022B"]
[Site "Skype"]
[Date "????.??.??"]
[Round "4.7"]
[White "Hargez, Dany"]
[Black "Aranzubia, Desiderio"]
[Result "0-1"]
[WhiteElo "1308"]
[BlackElo "1488"]
[PlyCount "54"]

1. e4 c5 2. Nf3 Nc6 3. d4 cxd4 4. Bc4 Nf6 5. O-O Nxe4 6. Nxd4 e6 7. Be3 a6 8.
Nf3 b5 9. Bd5 exd5 10. Qxd5 Nf6 11. Qd1 Be7 12. Re1 O-O 13. Bg5 Re8 14. Nc3 Nh5
15. Bxe7 Rxe7 16. Nd5 Rxe1+ 17. Nxe1 g6 18. Qe2 Bb7 19. Nc3 Ne7 20. Rd1 Nf6 21.
h4 Nf5 22. g3 Qc7 23. Rd3 Qc6 24. Nf3 Re8 25. Qd1 Ng4 26. Nd5 Ne5 27. Nf6+ Qxf6
0-1

[Event "Tournoi Skype 022B"]
[Site "Skype"]
[Date "????.??.??"]
[Round "4.8"]
[White "Fouquereau, Andre"]
[Black "Escudero Ocana, Francisco"]
[Result "1-0"]
[WhiteElo "1479"]
[BlackElo "1333"]
[PlyCount "81"]

1. e4 e5 2. Nf3 d6 3. c3 c5 4. g3 Nf6 5. Bg2 Nxe4 6. Qa4+ Nc6 7. Qxe4 Be7 8.
O-O Be6 9. Qc2 O-O 10. d3 f5 11. Bd2 d5 12. Be3 e4 13. dxe4 fxe4 14. Ne1 b6 15.
Nd2 Qd7 16. Rd1 Qc7 17. f3 d4 18. fxe4 Rxf1+ 19. Nxf1 dxe3 20. Nxe3 Qe5 21. Nf3
Qf6 22. Nd5 Bxd5 23. exd5 Ne5 24. Nh4 Rf8 25. Rf1 Qe6 26. Nf5 Rd8 27. Qe4 Bf6
28. d6 g5 29. Ne7+ Kg7 30. Qb7 Nd3 31. Nf5+ Kh8 32. Nh6 Ne5 33. Qc7 Bg7 34. Qe7
Re8 35. Nf7+ Nxf7 36. Qxf7 Bf8 37. d7 Re7 38. Qxf8+ Qg8 39. Bd5 Qxf8 40. Rxf8+
Kg7 41. d8=Q 1-0

[Event "Tournoi Skype 022B"]
[Site "Skype"]
[Date "????.??.??"]
[Round "4.9"]
[White "Hernandez, George"]
[Black "Hernandez Lopez, Joaquin"]
[Result "1-0"]
[WhiteElo "1429"]
[BlackElo "1318"]
[PlyCount "51"]

1. e4 e5 2. Nf3 Nc6 3. Bc4 Nf6 4. c3 Be7 5. d4 d6 6. dxe5 Nxe4 7. Qd5 O-O 8.
Qxe4 dxe5 9. O-O Re8 10. Nxe5 Nxe5 11. Qxe5 Bd6 12. Qd4 Bf5 13. Bf4 Re7 14. Nd2
Qd7 15. Rae1 Rae8 16. Nf3 Re4 17. Rxe4 Rxe4 18. Qd5 Rxf4 19. Ne5 Be6 20. Qxb7
Bxe5 21. Bxe6 fxe6 22. Qb3 Rf6 23. Rd1 Qf7 24. Rd8+ Qf8 25. Rxf8+ Rxf8 26.
Qxe6+ 1-0

[Event "Tournoi Skype 022B"]
[Site "Skype"]
[Date "????.??.??"]
[Round "4.10"]
[White "Vervoort, Jean-Louis"]
[Black "Aceituno, Stebe"]
[Result "0-1"]
[WhiteElo "1307"]
[BlackElo "1427"]
[PlyCount "60"]

1. d4 Nf6 2. Nf3 g6 3. Bg5 Bg7 4. e3 O-O 5. Bd3 d5 6. O-O Bg4 7. h3 Bxf3 8.
Qxf3 c6 9. c4 e6 10. Nc3 Nbd7 11. Rac1 dxc4 12. Bxc4 Re8 13. a3 a5 14. Rc2 b5
15. Ba2 Qb6 16. Rfc1 c5 17. dxc5 Qxc5 18. Bxf6 Nxf6 19. Ne4 Qe5 20. Nxf6+ Qxf6
21. Qg4 b4 22. axb4 axb4 23. b3 Qe7 24. Bb1 Qd6 25. Rd1 Qb6 26. Rcd2 Ra3 27.
Ba2 Qa5 28. Qe2 Ra8 29. Rd8+ Rxd8 30. Ra1 Bxa1 0-1

[Event "Tournoi Skype 022B"]
[Site "Skype"]
[Date "????.??.??"]
[Round "4.11"]
[White "Bhandari, Dattatrey"]
[Black "Munoz Gonzalez, Martin"]
[Result "1-0"]
[WhiteElo "1298"]
[BlackElo "1406"]
[PlyCount "77"]

1. e4 Nf6 2. Nc3 e6 3. a3 d6 4. d4 Be7 5. Nf3 d5 6. e5 Nfd7 7. Bd3 h6 8. Ne2
Nc6 9. c4 dxc4 10. Bxc4 Nb6 11. Ba2 Nd5 12. O-O O-O 13. Nc3 Nxc3 14. bxc3 Re8
15. Be3 Bf8 16. Bb1 Ne7 17. Qc2 Nf5 18. g4 g5 19. gxf5 exf5 20. Kh1 g4 21. Rg1
Bg7 22. Rxg4 fxg4 23. Qh7+ Kf8 24. Bxh6 Bxh6 25. Qxh6+ Ke7 26. Qf6+ Kf8 27.
Qh6+ Ke7 28. Ng5 Rf8 29. Ba2 Qe8 30. Qf6+ Kd7 31. d5 Qe7 32. e6+ fxe6 33. dxe6+
Kc6 34. Qe5 Qc5 35. Qe4+ Kb6 36. Rb1+ Ka6 37. Bc4+ b5 38. Bxb5+ Ka5 39. Qa4+
1-0

[Event "Tournoi Skype 022B"]
[Site "Skype"]
[Date "????.??.??"]
[Round "4.13"]
[White "Vilone, Rino"]
[Black "Sanchez Padilla, Armando Edilber"]
[Result "1-0"]
[WhiteElo "1400"]
[BlackElo "1278"]
[PlyCount "31"]

1. e4 e5 2. f4 d6 3. Nc3 Nf6 4. d4 Bd7 5. Nf3 exf4 6. Bc4 Ng4 7. O-O Ne3 8.
Bxe3 fxe3 9. Ne5 dxe5 10. Bxf7+ Ke7 11. Nd5+ Kd6 12. a4 Nc6 13. dxe5+ Nxe5 14.
Nb6+ Kc6 15. Nxa8 Bc5 16. Qd5# 1-0

[Event "Tournoi Skype 022B"]
[Site "Skype"]
[Date "????.??.??"]
[Round "4.14"]
[White "Lemoine, Gerard"]
[Black "Borg, Anthony"]
[Result "0-1"]
[WhiteElo "1396"]
[BlackElo "1237"]
[PlyCount "64"]

1. d4 d5 2. e3 Nf6 3. Bd3 e6 4. f4 Bb4+ 5. Bd2 Bxd2+ 6. Nxd2 O-O 7. Ngf3 Nbd7
8. Ne5 c5 9. c3 c4 10. Bc2 Nxe5 11. fxe5 Nd7 12. Bxh7+ Kxh7 13. Qh5+ Kg8 14.
O-O f6 15. Rf3 fxe5 16. Rh3 Nf6 17. Qh8+ Kf7 18. Qh4 exd4 19. Rf1 e5 20. Qh5+
Ke7 21. Qg5 Bxh3 22. Qxe5+ Be6 23. g4 dxe3 24. Nf3 Nxg4 25. Qxg7+ Rf7 26. Qg5+
Nf6 27. Ne5 Rf8 28. Ng6+ Kd7 29. Nxf8+ Qxf8 30. Rxf6 Qe7 31. Qe5 Rg8+ 32. Kf1
Bh3+ 0-1

[Event "Tournoi Skype 022B"]
[Site "Skype"]
[Date "????.??.??"]
[Round "4.16"]
[White "Milanese, Serge"]
[Black "Lecluyse, Koenraad"]
[Result "1-0"]
[WhiteElo "1400"]
[BlackElo "1137"]
[PlyCount "21"]

1. e4 e6 2. d4 d5 3. e5 f6 4. Bf4 c5 5. Nf3 Nc6 6. c3 c4 7. b3 cxb3 8. axb3
fxe5 9. Nxe5 Bd6 10. Qh5+ Kf8 11. Qf7# 1-0

[Event "Tournoi Skype 022B"]
[Site "Skype"]
[Date "????.??.??"]
[Round "4.17"]
[White "Bustos, Ricardo"]
[Black "De Nobrega, George"]
[Result "1/2-1/2"]
[WhiteElo "1250"]
[BlackElo "1396"]
[PlyCount "139"]

1. d4 Nf6 2. Nf3 d6 3. Bf4 d5 4. e3 Nc6 5. Nbd2 e6 6. Bb5 Bd7 7. h3 Nb4 8.
Bxd7+ Qxd7 9. a3 Nc6 10. Ne5 Nxe5 11. Bxe5 Qd8 12. c4 Be7 13. Nf3 dxc4 14. Qa4+
c6 15. Qxc4 Qd5 16. Qd3 h6 17. b4 O-O 18. O-O Nh5 19. e4 Qd8 20. Qe2 Bf6 21.
Bxf6 Nxf6 22. Rac1 Rc8 23. Ne5 Qxd4 24. Nf3 Qxe4 25. Qxe4 Nxe4 26. Rfe1 Nf6 27.
Ne5 Rfd8 28. Nc4 b6 29. Ne5 c5 30. bxc5 Rxc5 31. Rxc5 bxc5 32. Nc6 Rd6 33. Nxa7
Ra6 34. Nb5 Ra5 35. Rb1 c4 36. Kf1 Ra8 37. Ke2 Rb8 38. Kd2 Ne4+ 39. Ke3 Nd6 40.
a4 Kf8 41. g4 Ke7 42. Kd4 Kd7 43. f4 Kc6 44. Na7+ Kc7 45. Rxb8 Kxb8 46. Nc6+
Kb7 47. Ne5 f6 48. Nxc4 Nxc4 49. Kxc4 Ka6 50. Kb4 e5 51. fxe5 fxe5 52. Kc4 e4
53. Kd4 e3 54. Kxe3 Ka5 55. Kf4 Kxa4 56. Kf5 Kb5 57. Kg6 Kc5 58. Kxg7 Kd5 59.
Kxh6 Ke5 60. Kg5 Ke6 61. h4 Kf7 62. Kf5 Kg7 63. g5 Kh7 64. h5 Kg7 65. h6+ Kh7
66. Kf6 Kg8 67. Kg6 Kh8 68. Kf6 Kh7 69. Kf7 Kh8 70. g6 1/2-1/2

[Event "Tournoi Skype 022B"]
[Site "Skype"]
[Date "????.??.??"]
[Round "4.18"]
[White "Tekes, Gamze"]
[Black "Meaney, Mike"]
[Result "0-1"]
[WhiteElo "1016"]
[BlackElo "1370"]
[PlyCount "54"]

1. e4 e5 2. Nc3 Nf6 3. Nf3 Nc6 4. Bc4 h6 5. d3 d6 6. O-O Bg4 7. Bb5 Be7 8. h3
Bh5 9. Re1 O-O 10. Nh4 Bxd1 11. Rxd1 Nh7 12. Nd5 Bxh4 13. c3 a6 14. Bc4 Ne7 15.
Ne3 Ng6 16. d4 Qf6 17. f3 Nf4 18. Nf5 Qg5 19. g4 Nxh3+ 20. Kh2 Qf6 21. dxe5
Qxe5+ 22. f4 Nxf4 23. Rd5 Nxd5+ 24. Ng3 Qxg3+ 25. Kh1 Qf2 26. Bxd5 Bg3 27. Bf4
Qh2# 0-1

[Event "Tournoi Skype 022B"]
[Site "Skype"]
[Date "????.??.??"]
[Round "4.19"]
[White "Moumtaz, Abderrahim"]
[Black "Le Bouill, Pierre"]
[Result "1-0"]
[WhiteElo "1338"]
[BlackElo "1227"]
[PlyCount "107"]

1. d4 Nf6 2. c4 h6 3. Nc3 e6 4. Nf3 d6 5. e4 d5 6. cxd5 exd5 7. e5 Ne4 8. Qb3
Nxc3 9. bxc3 Nc6 10. Bb5 Bd7 11. Qxd5 a6 12. Bc4 Be6 13. Qxd8+ Rxd8 14. Bxe6
fxe6 15. O-O Be7 16. Rd1 O-O 17. c4 b5 18. cxb5 axb5 19. a3 Rd7 20. Be3 Rdd8
21. Rd3 Na5 22. Rb1 c6 23. Nd2 Nc4 24. Nxc4 bxc4 25. Rc3 c5 26. Rxc4 cxd4 27.
Rxd4 Bxa3 28. Ra4 Rd3 29. Ra6 Rfd8 30. g3 Kf7 31. Ra7+ Be7 32. Bc5 R3d7 33.
Rxd7 Rxd7 34. Bxe7 Rxe7 35. f4 g5 36. fxg5 hxg5 37. Rf1+ Kg6 38. g4 Rf7 39. Rf2
Rf4 40. h3 Rxf2 41. Kxf2 Kg7 42. Kf3 Kg6 43. Ke4 Kf7 44. Kf3 Kg6 45. Kg3 Kf7
46. h4 gxh4+ 47. Kxh4 Kg6 48. g5 Kf5 49. Kh5 Kxe5 50. g6 Kf6 51. Kh6 e5 52. g7
Kf7 53. Kh7 e4 54. g8=Q+ 1-0

[Event "Tournoi Skype 022B"]
[Site "Skype"]
[Date "????.??.??"]
[Round "4.20"]
[White "Farfallini, Michel"]
[Black "Vincent, Andre"]
[Result "0-1"]
[WhiteElo "1221"]
[BlackElo "1263"]
[PlyCount "54"]

1. e4 e5 2. Nf3 d6 3. d4 exd4 4. Nxd4 Nc6 5. Nc3 Nf6 6. Bf4 Be7 7. Nxc6 bxc6 8.
Bd3 O-O 9. Qe2 Be6 10. O-O-O a5 11. e5 Nd5 12. Nxd5 Bxd5 13. Qg4 g6 14. Bh6 Re8
15. f4 dxe5 16. fxe5 Qc8 17. Qd4 Qe6 18. Be4 Red8 19. Bxd5 Rxd5 20. Qc3 Rc5 21.
Qd4 Rxe5 22. Rhe1 f6 23. Rxe5 Qxe5 24. Qc4+ Kh8 25. Qf7 f5 26. b3 Bf6 27. Kd2
Rd8+ 0-1

[Event "Tournoi Skype 022B"]
[Site "Skype"]
[Date "????.??.??"]
[Round "4.21"]
[White "Gerbaux, Regis"]
[Black "Erten, Ozlem"]
[Result "0-1"]
[WhiteElo "1425"]
[BlackElo "1112"]
[PlyCount "58"]

1. e4 e5 2. d4 d6 3. Nf3 Bg4 4. dxe5 Bxf3 5. Qxf3 dxe5 6. Bc4 Nf6 7. Nc3 Bb4 8.
Bd2 Nbd7 9. a3 Ba5 10. b4 b5 11. Bxb5 Bb6 12. O-O a6 13. Bxd7+ Qxd7 14. Rad1
Qg4 15. Qxg4 Nxg4 16. Nd5 O-O 17. Nxb6 cxb6 18. h3 Nf6 19. f3 Rac8 20. Rc1 Rfd8
21. Rfd1 Ne8 22. c4 Nd6 23. c5 bxc5 24. bxc5 Nb5 25. a4 Nd4 26. Kf2 Nb3 27. Rc2
Nxc5 28. Rdc1 Nd3+ 29. Ke2 Nxc1+ 0-1

[Event "Tournoi Skype 022B"]
[Site "Skype"]
[Date "????.??.??"]
[Round "4.22"]
[White "Duthoit, Bernard"]
[Black "Dhenain, Sebastien"]
[Result "1-0"]
[WhiteElo "1515"]
[BlackElo "1201"]
[PlyCount "135"]

1. e4 e5 2. d4 exd4 3. c3 d3 4. Bxd3 Nc6 5. Nf3 Bc5 6. O-O Nf6 7. h3 O-O 8. Qc2
d6 9. Re1 d5 10. e5 Ne4 11. Bxe4 dxe4 12. Rxe4 Bf5 13. Nbd2 Bxe4 14. Nxe4 Re8
15. Nxc5 Nxe5 16. Nxe5 Rxe5 17. Be3 b6 18. Rd1 Rd5 19. Rxd5 Qxd5 20. Nb3 a5 21.
Nc1 Re8 22. c4 Qd7 23. b3 Re6 24. Kf1 b5 25. Ke2 g6 26. cxb5 f5 27. Nd3 Qxb5
28. Qc4 Qxc4 29. bxc4 g5 30. Kd2 f4 31. Bc5 Re8 32. Kc3 Rc8 33. Ne5 Re8 34. Nc6
Re2 35. a3 Re1 36. Nxa5 Re5 37. Nb3 h5 38. a4 Re1 39. a5 Rd1 40. a6 Rd8 41. a7
Ra8 42. Nd4 Kf7 43. Nf5 Kf6 44. Ne7 Ke6 45. Nd5 Kd7 46. Kb4 Kc6 47. Nf6 Kb7 48.
Nxh5 Kc6 49. Nf6 Kb7 50. Ne4 Kc6 51. Nxg5 Kb7 52. h4 Rh8 53. Nf3 Rg8 54. h5
Rxg2 55. Ne5 Rh2 56. Nc6 Rxh5 57. Na5+ Ka8 58. Kb5 f3 59. Nc6 Rh1 60. Be3 Rb1+
61. Kc5 Ra1 62. Kd5 Rd1+ 63. Ke4 Rd6 64. Nb4 Re6+ 65. Kxf3 Rf6+ 66. Kg4 Rg6+
67. Kf5 Rc6 68. Nxc6 1-0

[Event "Tournoi Skype 022B"]
[Site "Skype"]
[Date "????.??.??"]
[Round "4.23"]
[White "Maccaferri, Massimo"]
[Black "Mimouni, Driss"]
[Result "1-0"]
[WhiteElo "1357"]
[BlackElo "1068"]
[PlyCount "45"]

1. e4 d5 2. exd5 Qxd5 3. Nc3 Qa5 4. d4 e5 5. Qe2 Nc6 6. Nf3 Bg4 7. h3 Bh5 8. g4
Nxd4 9. Nxd4 Bb4 10. Bd2 Nf6 11. Nf3 Bxc3 12. bxc3 O-O 13. Nxe5 Rfe8 14. f4 Re6
15. c4 Qb6 16. gxh5 Qb2 17. Rd1 Qxc2 18. Qg2 Rd8 19. h6 Qe4+ 20. Be3 Qxe3+ 21.
Qe2 Qxe2+ 22. Bxe2 Ne4 23. Rxd8+ 1-0

[Event "Tournoi Skype 022B"]
[Site "Skype"]
[Date "????.??.??"]
[Round "4.24"]
[White "Chothe, Siddhant"]
[Black "Amato, Ludovica"]
[Result "1/2-1/2"]
[WhiteElo "1193"]
[BlackElo "1267"]
[PlyCount "44"]

1. e4 e5 2. Nf3 Nc6 3. Bc4 Nf6 4. O-O Be7 5. h3 d5 6. Bxd5 Nxd5 7. exd5 Qxd5 8.
Nc3 Qd8 9. d3 O-O 10. Ne4 h6 11. Be3 f5 12. Nc3 Be6 13. Re1 Qd7 14. g3 a6 15.
h4 Bd6 16. Bg5 hxg5 17. Nxg5 g6 18. h5 Be7 19. Nxe6 Qxe6 20. f4 Rf7 21. fxe5
Nxe5 22. d4 Rd8 1/2-1/2